000 00572nam a2200217 a 4500
001 BRCA_2016
005 20190320203633.0
008 170608s1921----gw-a######---#000-0#ger-#
041 _ager
044 _agw
050 4 _aPT2647 O84
_b.P46
_c1921
245 1 0 _aVom Peperl und von anderen RaritÀten
_cErnst Wolzogen
260 _aMĂșnich
_bA. Langen
_c1921
300 _a127 p.
_c18 cm.
440 0 _aKleine Bibliothek Langen
_v15
_96165
500 _aCon firma de Franz Mayer
500 _aI6
650 1 4 _aLietratura alemana
_96166
902 _aGFM
942 _2lcc
_cB
999 _c1782
_d1782